000 01153nam0a22002531 4500
001 rc\3443297
005 20130115142642.9
035 _a(NLR Aleph) 007569258
090 _a5386638
_c5386638
100 _a20130115d1972 |||y0rusy50 ca
101 0 _arus
102 _aRU
105 _aa j |||||
200 1 _aМеханическое оборудование цехов обработки металлов давлением
_e(Разд.-Гидравл. прессы для производства прутковых профилей и труб из цвет. металлов и сплавов)
_eКурс лекций
_fПод ред. проф. д. т. н. П.И. Полухина
_gМоск. ин-т стали и сплавов. Кафедра пласт. деформации спецсталей и сплавов
210 _aМосква
_cБ. и.
_d1972
215 _a77 с., 1 л. черт.
_cил.
320 _aБиблиогр.: с. 76
700 1 _aГлебов
_bЮ. П.
702 1 _aПолоухин
_bП. И.
_4340
801 0 _aRU
_bNLR
_gpsbo
801 1 _aRU
_bELAR
_2rusmarc
852 _aNLR
_j72-4/37659
942 _cBOOK
980 _aNB